Cier's industrial databook 1998 / (Record no. 125373)

MARC details
000 -LEADER
fixed length control field 00709nam a22002297a 4500
005 - DATE AND TIME OF LATEST TRANSACTION
control field 20170124105952.0
010 ## - LIBRARY OF CONGRESS CONTROL NUMBER
LC control number A-938067
020 ## - INTERNATIONAL STANDARD BOOK NUMBER
Terms of availability 00.00
International Standard Book Number 817036700
035 ## - SYSTEM CONTROL NUMBER
System control number A-938067
037 ## - SOURCE OF ACQUISITION
Source of stock number/acquisition Cen Lib/Ret
040 ## - CATALOGING SOURCE
Original cataloging agency DPL
Language of cataloging EN
082 ## - DEWEY DECIMAL CLASSIFICATION NUMBER
Classification number 338.0021
Item number MOH
100 ## - MAIN ENTRY--PERSONAL NAME
Personal name Mohnot, S.R.
9 (RLIN) 13910
245 ## - TITLE STATEMENT
Title Cier's industrial databook 1998 /
Statement of responsibility, etc by S.R. Mohnot
260 ## - PUBLICATION, DISTRIBUTION, ETC. (IMPRINT)
Place of publication, distribution, etc New Delhi
Name of publisher, distributor, etc Sage Publications
Date of publication, distribution, etc 1998
270 ## - ADDRESS
City New Delhi
Address M-32, market, graeter kailash-1
Postal code 110048
300 ## - PHYSICAL DESCRIPTION
Extent 1079p.
Dimensions 22cm(Hb)
500 ## - GENERAL NOTE
General note Include bibliographical references and index
650 ## - SUBJECT ADDED ENTRY--TOPICAL TERM
Topical term or geographic name as entry element Economics
9 (RLIN) 90138
650 ## - SUBJECT ADDED ENTRY--TOPICAL TERM
Geographic subdivision Development & Planning
9 (RLIN) 10392
942 ## - ADDED ENTRY ELEMENTS (KOHA)
Source of classification or shelving scheme Dewey Decimal Classification
Koha item type English Books
Classification part 338.0021
Call number suffix MOH
Holdings
Withdrawn status Lost status Damaged status Not for loan Home library Current library Date acquired Source of acquisition Cost, normal purchase price Total Checkouts Full call number Barcode Date last seen Copy number Cost, replacement price Price effective from Koha item type
        Central Library Central Library 20/06/2015 Cen Lib/Ret 0.00   338.0021 MOH A-938067 20/06/2015 1 0.00 20/06/2015 English Books

© Delhi Public Library
Hit Counter
free hit counter